00969nam a22002417a 45000010005000000030006000050050017000110080041000280200018000690400029000870500008001160820008001241000019001322450096001512600033002473000048002804900024003285050008003525200293003605210020006535210021006737000033006947134FISKH20250626083802.0250625b cb ||||| |||| 00| 0 eng d a9788956355054 aFISKHbengcFISKHdFISKH aPZ7 a780 aSormark, Julie aThe musicians of Bremen / cRetold by Julie Sormark : through the Art style of Edward Munch aSeoul : be-future , c2010. a39 pages : bcolor illustrations ;c23 cm . aArt classic stories aJ  aThe story begins with four animals—an old donkey, an old dog, an old cat, and an old rooster—who have grown too old to serve their masters and are no longer wanted. Rather than giving up on life, each animal sets off on its own journey to find a better place where it can live freely.8 a470 bLexile 8 aJ bRaz-Plus  aJang, JonggyuneIllustrator